000 00730nam a2200253Ia 4500
003 OSt
005 20220925220019.0
006 a|||||r|||| 00| 0
007 ta
008 220923b |||||||| |||| 00| 0 eng d
020 _a1566703174
_cDM 80.00
037 _b9915, 21/09/2001, SBD
_cGeneral Book
040 _aRTL
_cRTL
_beng
041 _2eng
_aeng
082 _aX:89A, N9
100 _aCrampton Norman J
_9283990
245 0 _aPreventing waste at the source
260 _aLondon
_bLewis Publishers
_c1999
300 _ax, 174p
_ccm.
500 _aAppendix P 157-166
650 _aSociology
942 _hX:89A, N9
_cGB
_2CC
999 _c570303
_d570303